000
00304nam a2200121Ia 4500
008
250111s9999 xx 000 0 und d
020
_a
9789380722023
100
_a
VASHISTHA, V.K.
245
0
_a
ECONOMIC ENVIRONMENT IN INDIA
260
_b
AJMER BOOK, JAIPUR
_c
2013
650
_a
Economics
942
_c
BK
999
_c
219783
_d
219783